|
|
|
|
| LEADER |
01245nam a2200277 a 4500 |
| 001 |
6058 |
| 008 |
130724s1993 bg a b 000 0 eng d |
| 010 |
|
|
|a 94904064
|
| 020 |
|
|
|a 9848104051
|
| 040 |
|
|
|a DLC
|c DLC
|d BD-DhAAL
|
| 082 |
0 |
0 |
|a 363.8/82/095492
|2 19
|
| 245 |
0 |
0 |
|a Monitoring adjustment and poverty in Bangladesh :
|b report on the framework project.
|
| 260 |
|
|
|a Dhaka, Bangladesh :
|b Centre on Integrated Rural Development for Asia and the Pacific,
|c c1993.
|
| 300 |
|
|
|a 443 p. :
|b ill. ;
|c 26 cm.
|
| 490 |
|
0 |
|a CIRDAP study series ;
|v no. 160
|
| 500 |
|
|
|a "This work was carried out with the aid of a grant from the International Development Research Centre, Ottawa, Canada."
|
| 504 |
|
|
|a Includes bibliographical references.
|
| 541 |
|
|
|e 6058
|
| 650 |
|
0 |
|a Economic stabilization
|z Bangladesh.
|
| 650 |
|
0 |
|a Poor
|z Bangladesh.
|
| 651 |
|
0 |
|a Bangladesh
|x Economic policy.
|
| 710 |
2 |
|
|a Centre on Integrated Rural Development for Asia and the Pacific.
|
| 710 |
2 |
|
|a International Development Research Centre (Canada)
|
| 852 |
1 |
|
|a Ayesha Abed Library
|j General shelf.
|
| 999 |
|
|
|c 13720
|d 13720
|
| 952 |
|
|
|0 0
|1 0
|4 0
|6 363_882095492000000_MON
|7 0
|9 22965
|a BRACUL
|b BRACUL
|c GEN
|d 2013-07-27
|l 0
|o 363.882095492 MON
|p 3010006058
|r 2013-07-27
|t 1
|w 2013-07-27
|y BK
|